| 000 | 01361nam0a22002771 4500 | ||
|---|---|---|---|
| 001 | rc\3148945 | ||
| 005 | 20260407094646.0 | ||
| 021 |
_aRU _b76-ОКЭ-149/22 |
||
| 021 |
_aRU _bРг10037-76 |
||
| 035 | _a(NLR Aleph) 007295396 | ||
| 090 |
_a5653992 _c5653992 |
||
| 100 | _a20120615d1975 |||y0rusy50 ca | ||
| 101 | 0 | _arus | |
| 102 | _aRU | ||
| 105 | _ay z ||||| | ||
| 200 | 1 |
_aРазработка и применение дифференцированных нормативов на эксплуатацию и ремонт машин на примере тракторов и зерноуборочных комбайнов _fВДНХ СССР. М-во с.-х. БССР. Белорус. НИИ экономики и организации сел. хоз-ва |
|
| 210 |
_aМинск _cПолымя _d1975 |
||
| 215 |
_a17 с. _cграф. _d20 |
||
| 300 | _aНа обороте тит. л.: подгот. к. т. н. К.М. Кавалерчик | ||
| 702 | 1 |
_aКавалерчик _bК.М. _gКонстантин Матвеевич _4570 |
|
| 712 | 0 | 2 |
_aБелорусский НИИ экономики и организации сельскохозяйственного производства _cМинск _3RU\NLR\AUTH\889920445 _9337101 |
| 801 | 0 |
_aRU _bNLR _gpsbo |
|
| 801 | 1 |
_aRU _bELAR _2rusmarc |
|
| 852 |
_aNLR _j76-4/25040 |
||
| 942 | _cBOOK | ||
| 980 | _aNB | ||